[Event "EICC 2017"]
[Site "Minsk"]
[Date "2017.06.07"]
[Round "8"]
[White "Artemiev, Vladislav"]
[Black "Alekseenko, Kirill"]
[Result "1-0"]
[WhiteElo "2682"]
[BlackElo "2583"]
[Annotator "TA"]
[PlyCount "69"]
[EventDate "2017.??.??"]
[EventCountry "BLR"]
[SourceTitle "playchess.com"]
[Source "ChessBase"]
[SourceQuality "1"]

{[%evp 15,69,0,16,-5,-10,-5,0,-14,-14,-24,-16,-20,-18,-22,-12,-18,-12,-18,0,0,0,0,0,0,22,33,28,23,30,13,13,12,83,79,108,114,162,162,160,159,265,275,264,278,385,418,585,571,928,946,1130,1087,29995,29996,29996,29997]} 1. d4 d5 2. Nf3 Nf6 3. c3 Bf5 4. Qb3 Qc8 5. Bg5 Nbd7 6. e3 {D02: 1 d4 d5 2 Nf3 sidelines, including 2...Nf6 3 g3 and 2...Nf6 3 Bf4} e6 7. c4 c6 (7... h6 8. Bh4 c6 9. Nc3 Bd6 10. Be2 O-O 11. O-O Ne4 12. Rac1 Qb8 13. Rfd1 {0-1 (58) Markowski,T (2578)-Navara,D (2751) Poland 2015}) 8. Nc3 Bd6 {LiveBook: 5 Games} 9. Be2 O-O 10. O-O Qb8 11. Bh4 (11. Bxf6 $5 Nxf6 12. Rfd1 $11) 11... Ne4 12. Bg3 $146 ({Predecessor:} 12. Rfd1 Ndf6 13. Nxe4 Nxe4 {0-1 (52) Jenni,F (2503)-Zvjaginsev,V (2650) Mallorca 2004}) 12... Nxg3 13. hxg3 h6 14. Qd1 Be7 15. Bd3 dxc4 16. Bxc4 c5 17. e4 Bg4 {Hoping for ...Bxf3.} 18. d5 $1 {[%cal Rd5e6] And now dxe6 would win.} Nb6 19. Qb3 $36 {[%cal Rd5e6][%mdl 2048] White has some pressure.} exd5 20. Nxd5 Nxd5 21. Bxd5 Qc7 22. e5 Bxf3 23. gxf3 Rad8 (23... Qxe5 $11 {keeps the balance.} 24. Rfe1 (24. Qxb7 Rab8 $11) 24... Qd6) 24. f4 b5 25. a4 a6 26. axb5 axb5 27. Ra6 Rb8 (27... Kh8 $16 {might work better.} 28. Rfa1 Qd7) 28. Rfa1 $18 c4 29. Qc2 Rb6 30. Ra7 Qc5 31. Rd7 Rbb8 32. Ra6 Kh8 33. Qf5 Rbd8 {[#]} 34. Rxh6+ $1 {[%mdl 512]} gxh6 35. Be4 {Precision: White = 70%, Black = 40%.} 1-0

[Event "EICC 2017"]
[Site "Minsk"]
[Date "2017.06.07"]
[Round "8"]
[White "Moiseenko, Alexander"]
[Black "Djukic, Nikola"]
[Result "1-0"]
[WhiteElo "2677"]
[BlackElo "2526"]
[Annotator "TA"]
[PlyCount "91"]
[EventDate "2017.??.??"]
[EventCountry "BLR"]
[SourceTitle "playchess.com"]
[Source "ChessBase"]
[SourceQuality "1"]

{[%evp 14,91,36,36,36,36,36,34,37,37,47,34,46,37,28,34,33,31,36,38,34,35,67,41,41,37,37,41,35,35,39,32,37,32,41,10,17,12,22,25,39,39,39,30,77,81,116,116,135,135,135,136,153,152,152,137,141,141,161,163,161,161,154,154,175,164,155,129,129,129,135,129,136,129,129,129,129,104,104,104]} 1. d4 Nf6 2. Bg5 e6 3. e4 h6 4. Bxf6 Qxf6 5. c3 c5 6. Nf3 Nc6 {A46: 1 d4 Nf6 2 Nf3 e6: Torre, London and Colle Systems} (6... cxd4 7. cxd4 Nc6 8. Nc3 Bb4 9. e5 Qe7 10. Rc1 d6 11. Bd3 dxe5 12. dxe5 O-O 13. O-O Bxc3 14. Rxc3 Nb4 15. Bb1 {½-½ (33) Kovacevic,B (2480)-Georgiev,K (2627) Padova 2015}) 7. d5 Ne5 8. Be2 {LiveBook: 10 Games} exd5 {White is slightly better.} 9. Qxd5 Nxf3+ 10. Bxf3 Be7 11. Na3 d6 12. O-O Rb8 $146 ({Predecessor:} 12... O-O 13. Nc2 Rb8 14. Ne3 {1-0 (26) Pytel,K (2388)-Petitcunot,P (2397) France 2009}) 13. Rfd1 O-O 14. Nb5 {[%cal Rb5d6]} Be6 15. Qd3 a6 {[#] Hoping for ...c4.} 16. Nc7 ({But not} 16. Nxd6 $2 Rfd8 $19) 16... Qe5 17. g3 Rbc8 18. Nd5 (18. Nxe6 {with more complications.} fxe6 19. Bg4 c4 20. Qe2 g5 21. Rf1) 18... Bxd5 19. Qxd5 Qxd5 20. Rxd5 b5 21. a4 Rc7 22. axb5 axb5 23. Be2 Rb8 24. h4 b4 25. Bc4 bxc3 26. bxc3 g6 27. Ra6 $36 {[%mdl 2048] White is more active.} Kg7 28. Rd3 Bf6 29. Raxd6 Re7 30. Rf3 Rb1+ 31. Kg2 Be5 {[#]} 32. Rc6 $1 Rbb7 33. Rxc5 Rbc7 34. Rxc7 Rxc7 $16 {[%mdl 4096] Endgame KRB-KRB} 35. Bd5 f5 36. c4 fxe4 37. Re3 Bf6 38. Rxe4 Re7 39. Rg4 Re5 40. Be4 g5 41. hxg5 hxg5 42. Bf3 Kf8 43. Rd4 Rc5 {White is better.} 44. Re4 Re5 45. Rxe5 Bxe5 46. c5 {Precision: White = 84%, Black = 57%.} 1-0

[Event "EICC 2017"]
[Site "Minsk"]
[Date "2017.06.07"]
[Round "8"]
[White "Grandelius, Nils"]
[Black "Sadzikowski, Daniel"]
[Result "1/2-1/2"]
[WhiteElo "2665"]
[BlackElo "2548"]
[Annotator "TA"]
[PlyCount "158"]
[EventDate "2017.??.??"]
[EventCountry "BLR"]
[SourceTitle "playchess.com"]
[Source "ChessBase"]
[SourceQuality "1"]

{[%evp 30,158,21,2,32,31,27,30,26,12,26,24,38,31,22,35,33,29,31,31,25,-18,-16,-16,-16,-18,-18,-17,-19,-2,-7,-21,-4,-52,-57,-43,-64,-58,35,35,35,35,35,35,101,72,283,0,0,0,314,377,367,317,362,330,297,154,154,145,155,63,71,0,143,86,98,83,91,0,0,0,0,0,0,0,0,0,0,0,0,0,0,0,0,0,0,0,0,0,0,0,0,0,0,0,0,0,0,0,0,0,0,0,0,0,0,0,0,0,0,0,0,0,0,0,0,0,0,0,0,0,0,0,0,0,0,0,0,0,0]} 1. e4 e5 2. Nf3 Nc6 3. Bb5 a6 4. Ba4 Nf6 5. O-O Be7 6. Re1 b5 7. Bb3 d6 8. c3 O-O 9. h3 Bb7 10. d4 Re8 11. Nbd2 exd4 {C92: Closed Ruy Lopez: 9...Be6, Karpov and Flohr-Zaitsev Variations} 12. cxd4 Nd7 13. Nf1 Na5 14. Bc2 Bf6 15. Ng3 g6 16. Bh6 {LiveBook: 22 Games} Nc4 17. b3 Na3 18. Bd3 c5 19. Bf4 {[#]} cxd4 $146 20. Bxd6 Be7 $1 {[%cal Re7d6]} 21. Bxe7 Qxe7 22. Qd2 Nc5 23. Rad1 Rad8 24. Qh6 b4 25. Nh2 Nxd3 26. Rxd3 {[#]} f5 $1 {[%mdl 512]} 27. Red1 (27. exf5 Qxe1+) 27... Bxe4 28. Rxd4 Rxd4 29. Rxd4 Nb5 30. Rd2 Nc3 31. Nhf1 Bb1 32. Qf4 Bxa2 33. Qc4+ $1 Qe6 ({Black should play} 33... Kf8 $15) 34. Qxb4 $14 Qxb3 35. Qa5 $1 f4 36. Nh5 gxh5 (36... Rf8 $14) 37. Qg5+ $16 Kf7 $2 (37... Kf8 $16 38. Qxf4+ Kg8 39. Qg5+ Kf8) 38. Qf5+ Kg8 {Hoping for ...Qb5.} 39. Qg5+ Kf7 40. Qxh5+ Kf8 41. Qh6+ Kg8 42. Qg5+ Kf8 43. Qxf4+ ({White has to play} 43. Rd7 $18 {[%csl Gd7][%cal Rg5g7]} Ne2+ 44. Kh2) 43... Kg8 {aiming for ...Qf7.} 44. Qg5+ {[%mdl 1024] White has strong compensation.} Kf8 45. Qh6+ ({White should try} 45. Ng3 $1 $16 Qb6 46. Nh5 Re1+ 47. Kh2) 45... Kg8 $14 46. Qg5+ (46. Rd7 $142 {[%csl Gd7][%cal Rh6g7]} Ne2+ 47. Kh2) 46... Kf8 $1 $16 47. Rd7 (47. Ng3 $142 $1 Qb6 48. Nh5 Re1+ 49. Kh2) 47... Ne2+ {[#]} 48. Kh2 $1 {[%csl Gd7][%cal Rg5g7]} Qb8+ {[#]} 49. Ng3 (49. g3 $1 $16 {[%csl Gd7][%cal Rg5g7]} Qe5 50. Qh6+ Kg8 51. f4 (51. Qxh7+ Kf8 $16)) 49... Qe5 $11 {The position is equal.} 50. Qh6+ Kg8 51. Qxh7+ Kf8 52. Qh6+ Kg8 53. Qg6+ Kf8 54. Qh6+ Kg8 55. Qxa6 Be6 56. Rd3 Nxg3 57. Rxg3+ Kf7 58. Qb7+ Re7 59. Qf3+ Bf5 60. Qh5+ Ke6 61. Qh6+ Kd7 62. f4 Qd6 63. Qg5 Be4 64. Qb5+ Bc6 (64... Kc7 $5 {[%cal Rd6f4]}) 65. Qf5+ Kc7 66. Qa5+ Kd7 67. Qf5+ Kc7 68. Rg6 Qd5 69. Qxd5 Bxd5 {[%mdl 4096] Endgame KRB-KR} 70. g4 Re3 71. f5 {And now h4 would win.} Kd7 72. h4 Ke7 73. h5 {Black must now prevent h6.} Bf7 74. Rg7 Kf6 75. h6 Re8 76. Rh7 Bg6 77. Ra7 {Strongly threatening Ra6+.} Bxf5 78. gxf5 Kxf5 79. Kg3 Ke5 {Precision: White = 69%, Black = 75%.} 1/2-1/2

[Event "EICC 2017"]
[Site "Minsk"]
[Date "2017.06.07"]
[Round "8"]
[White "Zvjaginsev, Vadim"]
[Black "Gorovets, Andrey"]
[Result "1/2-1/2"]
[WhiteElo "2661"]
[BlackElo "2524"]
[Annotator "TA"]
[PlyCount "53"]
[EventDate "2017.??.??"]
[EventCountry "BLR"]
[SourceTitle "playchess.com"]
[Source "ChessBase"]
[SourceQuality "1"]

{[%evp 12,53,14,8,15,2,5,14,15,10,17,0,38,35,29,33,50,0,60,19,12,18,17,6,23,12,17,17,17,17,12,-12,-12,-12,-12,-15,-16,-23,-25,-31,-12,-13,-8,-14]} 1. e4 c5 2. Nf3 e6 3. c3 d5 4. exd5 Qxd5 5. d4 Nf6 6. Na3 Nc6 7. Be3 (7. Bc4 $5 {[%cal Rc4d5]} Qd8 8. O-O $11) 7... cxd4 {B22: Sicilian: 2 c3} 8. Nb5 $1 {[%cal Rb5c7] [#] And now Nc7+ would win.} Qd8 9. Nbxd4 Nd5 10. Nxc6 bxc6 11. Bd2 Qc7 (11... Qb6 12. Ne5 Qc7 13. Nc4 Be7 14. Bd3 Ba6 15. Qg4 {½-½ (55) Wang,H (2717)-Laznicka,V (2666) Ho Chi Minh City 2016}) 12. c4 Nf6 $146 ({Predecessor:} 12... Nb6 13. Bd3 Bb7 14. Qe2 c5 15. O-O-O {½-½ (62) Soors,S (2407)-Zwirs,N (2358) Amsterdam 2015}) 13. Bd3 Bb7 14. Qa4 Nd7 (14... a5 $11) 15. Qa5 Qxa5 16. Bxa5 c5 17. O-O-O Bd6 18. Be4 Bxe4 19. Rxd6 Bxf3 20. gxf3 Ne5 21. Bc3 Nxc4 22. Rc6 O-O 23. Rg1 g6 24. Rg4 Nb6 25. Rxc5 Rac8 26. Rxc8 Rxc8 27. Kd2 {Precision: White = 49%, Black = 61%.} 1/2-1/2

[Event "EICC 2017"]
[Site "Minsk"]
[Date "2017.06.07"]
[Round "8"]
[White "Anton Guijarro, David"]
[Black "Howell, David W L"]
[Result "0-1"]
[WhiteElo "2660"]
[BlackElo "2684"]
[Annotator "TA"]
[PlyCount "106"]
[EventDate "2017.??.??"]
[EventCountry "BLR"]
[SourceTitle "playchess.com"]
[Source "ChessBase"]
[SourceQuality "1"]

{[%evp 17,106,39,27,20,12,28,19,34,47,59,47,50,54,50,52,42,60,51,60,66,71,23,34,11,50,14,40,-33,-18,-26,-24,-17,-17,-55,-43,-83,-94,-110,-106,-116,-117,-139,-138,-135,-122,-166,-171,-169,-118,-96,-95,-360,-346,-349,-347,-338,-261,-327,-180,-180,-140,-180,-177,-181,-181,-181,-196,-447,-447,-440,-411,-396,-392,-555,-418,-585,-573,-517,-509,-1294,-1353,-984,-710,-643,-581,-503,-341,-2518,-2053,-29970,-29956]} 1. e4 e5 2. Nf3 Nc6 3. Bc4 Bc5 4. c3 Nf6 {[%cal Bg8f6,Bf6d5,Bd5b6][%mdl 32]} 5. d3 O-O 6. O-O d5 7. exd5 Nxd5 8. a4 {C54: Giuoco Piano: 4 c3 Nf6, main lines with 5 d4 and 5 d3} (8. h3 Nb6 9. Bb5 Bd6 10. Re1 Ne7 11. d4 exd4 12. cxd4 Bf5 13. Nc3 c6 14. Bf1 Ned5 15. Ne4 Bb4 16. Re2 h6 17. a3 Be7 {1-0 (63) Movsesian,S (2679)-Bacrot,E (2695) chess.com INT 2017}) 8... Nb6 9. Bb5 Ne7 {LiveBook: 5 Games} 10. Nxe5 {White has an edge.} c6 11. Bc4 {Bxf7+ is the strong threat.} Bd6 12. a5 $146 ({Predecessor:} 12. Nf3 Nxc4 13. dxc4 Qc7 14. Re1 b6 15. Nbd2 Rd8 {½-½ (47) Sedina,E (2275)-Loiacono,A (2085) Trieste 2016}) 12... Bxe5 13. axb6 Qxb6 14. Re1 Qc7 15. Qh5 Bd6 16. Nd2 Nd5 17. Ne4 Be6 18. d4 Rfe8 19. Nxd6 (19. Bd3 $5 {[%cal Re4d6]} Bf4 20. c4 $18) 19... Qxd6 20. Bd3 Nf6 (20... g6 $5 {[%cal Rg6h5]} 21. Qd1 a5 $14) 21. Qg5 h6 $1 {[%cal Rh6g5]} 22. Qf4 (22. Bf4 $14 Qxd4 23. Qxg7+ $1 {[%mdl 512]} (23. cxd4 hxg5 24. Bxg5 a6 $11) (23. Qg3 Qd7 $11) 23... Kxg7 24. cxd4) 22... Bc4 $15 23. Rd1 Qe6 24. Bxc4 Qxc4 25. Qg3 Re6 26. Rxa7 Rxa7 27. Qb8+ Kh7 $1 28. Qxa7 Ng4 $1 $40 {[%cal Rg4f2][%mdl 128] Black is out for blood.} 29. d5 ({Don't go for} 29. Qxb7 $2 Nxf2 $1 {[%mdl 512]} 30. Qxf7 Nxd1 $19) 29... Qe2 {[%cal Re2d1]} 30. Rf1 Rf6 $1 31. Be3 {[#]} Nxh2 $1 {[%mdl 512]} 32. Kxh2 Qxf1 33. Qxb7 $19 {[%mdl 4096] Endgame KQR-KQB} Qc4 34. Bd4 $2 {[%mdl 8192]} (34. dxc6 $17 Rd6 35. Qc8) 34... Rg6 35. Qxf7 {[#]} c5 $1 {[%cal Rc5d4]} ({Less strong is} 35... cxd5 36. Qf5 $11) ({Worse is} 35... Qxd5 36. Qxd5 cxd5 37. b4 $11) 36. Be5 Qh4+ 37. Kg1 Qh5 (37... Qe4 $142 {[%csl Gg6][%cal Re4g2]} 38. Bg3 Rf6) 38. Bg3 Qd1+ 39. Kh2 {Black must now prevent Qf5.} Rg5 {Threatens to win with ...Rh5+.} 40. f3 {With the idea c4.} Qxd5 41. Qxd5 Rxd5 {KR-KB} 42. b4 $2 {[#]} (42. c4 {keeps fighting.} Rd4 43. b3) 42... c4 $1 43. Kg1 h5 44. Kf1 Rd2 45. Be5 (45. Bf2 $142 Rc2 46. Bd4) 45... g5 46. Bd4 Rb2 47. Kg1 Kg6 48. Kh2 (48. g4 $142 h4 49. Kf1) 48... Kf5 49. Be3 Rb3 50. Bd2 Rb1 51. Be3 Rd1 {Hoping for ...Rd3.} 52. Bf2 $2 (52. b5) 52... Rd3 53. Be1 Re3 {Precision: White = 36%, Black = 80%.} 0-1

[Event "EICC 2017"]
[Site "Minsk"]
[Date "2017.06.07"]
[Round "8"]
[White "Dubov, Daniil"]
[Black "Mikaelyan, Arman"]
[Result "1/2-1/2"]
[WhiteElo "2660"]
[BlackElo "2444"]
[Annotator "TA"]
[PlyCount "64"]
[EventDate "2017.??.??"]
[EventCountry "BLR"]
[SourceTitle "playchess.com"]
[Source "ChessBase"]
[SourceQuality "1"]

{[%evp 26,64,36,39,42,17,17,25,23,0,0,-39,-23,-12,-13,-39,-38,-53,-49,-69,-71,-82,-68,-93,-91,-138,-56,-50,-4,-6,0,0,0,0,0,0,-5,0,0,0,0]} 1. c4 Nf6 2. Nc3 g6 3. e4 d6 4. d4 Bg7 5. Nf3 O-O 6. Be2 e5 7. O-O exd4 8. Nxd4 Re8 9. f3 Nc6 10. Be3 Nh5 11. Qd2 Nf4 12. Bxf4 Nxd4 13. Bg5 {E94: King's Indian: Classical: 6 Be2 e5 7 0-0: Various Black 7th moves} Nxe2+ 14. Nxe2 {LiveBook: 5 Games} Qd7 {[#]} 15. Nd4 $146 {White is slightly better.} ({Predecessor:} 15. Nc3 f6 16. Bh6 Bxh6 17. Qxh6 Qf7 18. Qd2 b6 19. b3 Bb7 20. Rae1 Re7 {½-½ (59) Ovsejevitsch,S (2585)-Le Corre,B (2313) Germany 2015}) 15... a6 16. Bh6 Bh8 17. a4 Qe7 18. Rad1 c5 19. Ne2 Be6 $1 $36 {[%cal Re6c4][%mdl 2048] Black is pushing.} 20. Qc1 Qd7 21. b3 b5 $1 22. axb5 axb5 23. Nf4 bxc4 24. Nxe6 Qxe6 25. bxc4 Bd4+ (25... Ra4 $17 26. Rd5 Rea8) 26. Be3 $1 $15 {[%cal Re3d4]} Ra1 27. Qd2 {The position is equal.} Bxe3+ 28. Qxe3 Rxd1 29. Rxd1 f5 {[%cal Rf5e4]} 30. Qd3 fxe4 31. Qxd6 Qxc4 32. fxe4 Qxe4 {Precision: White = 45%, Black = 74%.} 1/2-1/2

[Event "EICC 2017"]
[Site "Minsk"]
[Date "2017.06.07"]
[Round "8"]
[White "Grachev, Boris"]
[Black "Sanikidze, Tornike"]
[Result "1-0"]
[WhiteElo "2658"]
[BlackElo "2518"]
[Annotator "TA"]
[PlyCount "109"]
[EventDate "2017.??.??"]
[EventCountry "BLR"]
[SourceTitle "playchess.com"]
[Source "ChessBase"]
[SourceQuality "1"]

{[%evp 17,109,46,61,46,58,55,70,21,21,16,12,18,29,27,37,24,24,9,17,10,11,18,15,0,18,13,25,30,36,15,30,25,35,0,0,0,0,-20,-18,-73,-78,-70,-72,-133,-127,-117,-116,-169,-179,-165,-109,-97,-121,-109,-110,-104,-78,-83,0,0,75,74,70,59,121,121,116,116,99,62,133,124,127,81,89,80,107,107,133,0,45,0,130,104,106,122,122,114,100,109,109,105,29993,29994]} 1. d4 Nf6 2. Nf3 e6 3. c4 d5 4. g3 dxc4 5. Bg2 Nc6 6. Qa4 Bb4+ 7. Bd2 Bd6 8. Na3 {E04: Open Catalan: 5 Nf3} (8. Bc3 O-O 9. Nbd2 Bd7 10. Qxc4 b5 11. Qxb5 Nb4 12. Qxb4 Bxb4 13. Bxb4 Re8 14. Bc5 Rb8 15. b3 a6 {0-1 (37) Eljanov,P (2765)-Harikrishna,P (2763) Stavanger 2016}) 8... O-O 9. Nxc4 Ne4 {LiveBook: 5 Games} 10. Be3 {White is slightly better.} Bb4+ 11. Kf1 Nf6 12. Nce5 $146 (12. a3 $5 {[%cal Ra3b4]} Be7 13. Qc2 $14) ({Predecessor:} 12. Rd1 Be7 13. a3 a5 14. Bc1 Ra6 15. Qc2 b5 {0-1 (53) Shimanov,A (2519)-Frolyanov,D (2587) Irkutsk 2010}) 12... Nxe5 13. Qxb4 Nd5 14. Qb3 Nxf3 15. Bxf3 b6 16. Kg2 Bb7 17. Rhd1 f5 18. Kg1 g5 19. Bd2 Qf6 20. Be1 Qg6 (20... h5 $5) 21. Qc2 g4 22. Bg2 Qh5 23. e4 fxe4 24. Qxe4 Rf6 25. Bd2 Raf8 26. Rf1 $1 Ba6 $36 {[%mdl 2048] Black fights for an advantage.} 27. Rfd1 R8f7 28. Rf1 (28. Re1 $1 $11) 28... Bxf1 $17 29. Rxf1 Qf5 30. Qe2 (30. Qe1 $142) 30... Qc2 $1 31. Qxg4+ Rg6 32. Qe2 (32. Bg5 $17 Qxb2 33. Qh4) 32... Qxb2 $19 33. Qd3 Nb4 (33... Qxa2 $19 34. Be4 Rgf6) 34. Bxb4 $17 Qxb4 35. Qe3 Qd6 36. Rc1 Rd7 37. Be4 Rgg7 {[#]} ({Much weaker is} 37... Qxd4 38. Qxd4 Rxd4 39. Bxg6 $11) (37... Rf6 $1 $17 38. Qg5+ Kf7) 38. d5 $1 $11 {[%mdl 512]} Rde7 (38... Rd8 $11 {keeps the balance.} 39. Rc6 Qb4) (38... exd5 39. Bxd5+) 39. Rc6 $16 Qd8 40. dxe6 a5 (40... Re8 $1 $14) 41. Kg2 {[%mdl 1024] White has strong compensation.} Re8 42. Qc3 Rf8 43. a4 Re7 (43... Kh8 $1 $14) 44. h4 h6 45. Qe5 {Black must now prevent Bd5.} Qd2 46. Bf5 Qb4 47. Bd3 Qd2 48. Bf5 (48. Be2 $1 $16 {Threatens to win with Rc4.} Qe1 49. Qe3) 48... Qb4 $1 $14 49. Bd3 (49. Qd5 $14) 49... Qd2 $16 {[#]} 50. Be2 $1 {And now Rc4 would win.} Qe1 51. Qe3 Rf6 {[#]} 52. Qd4 $1 {[%cal Rd4f6]} Rf8 53. Bc4 Qb4 54. Qg4+ Rg7 $2 {[%mdl 8192]} (54... Kh8 $16) 55. e7+ {Precision: White = 64%, Black = 58%.} 1-0

[Event "EICC 2017"]
[Site "Minsk"]
[Date "2017.06.07"]
[Round "8"]
[White "Berkes, Ferenc"]
[Black "Harutyunian, Tigran K"]
[Result "1-0"]
[WhiteElo "2654"]
[BlackElo "2523"]
[Annotator "TA"]
[PlyCount "79"]
[EventDate "2017.??.??"]
[EventCountry "BLR"]
[SourceTitle "playchess.com"]
[Source "ChessBase"]
[SourceQuality "1"]

{[%evp 9,79,0,1,-8,-12,-6,-7,-23,0,0,0,0,0,-12,-6,-25,0,0,0,0,0,0,11,0,12,18,9,9,10,15,17,0,0,3,17,0,0,0,20,11,39,53,68,74,104,4,25,4,74,72,70,6,130,122,408,119,592,579,6183,6287,6195,6195,6083,5904,5904,5895,5875,5788,5010,3008,29993,577]} 1. d4 d5 2. Bf4 Nf6 3. e3 Bf5 4. c4 e6 5. Nc3 Bb4 {LiveBook: 7 Games} (5... a6 6. Qb3 Ra7 7. cxd5 Nxd5 8. Nxd5 exd5 9. Nf3 c6 10. Be2 Nd7 11. O-O Be7 12. Ne1 O-O {½-½ (32) Xiong,J (2633)-Xu,Y (2516) Bhubaneswar 2016}) 6. a3 {D00: 1 d4 d5: Unusual lines} Bxc3+ 7. bxc3 O-O 8. Bg5 {The position is equal.} c5 $146 ({Predecessor:} 8... c6 9. cxd5 cxd5 10. Bd3 Bxd3 11. Qxd3 Nbd7 12. Nf3 Qa5 {½-½ (73) Elgersma,S-Van der Knijff,G Rijswijk 2012}) 9. Bxf6 Qxf6 10. cxd5 exd5 11. Bd3 Nc6 12. Ne2 Rac8 13. O-O {[%cal Bh1f1,Bf1d1,Bd1d4][%mdl 32]} Na5 14. Bxf5 Qxf5 15. Qb1 Qd7 (15... Qg4 {looks sharper.} 16. Nf4 Rfd8 17. dxc5 Rxc5 18. Rd1 b6) 16. a4 Rc6 17. dxc5 Rxc5 18. Rd1 Re8 19. h3 h6 20. Ra2 Qc6 21. Rd4 Re4 22. Kh2 Nc4 23. Nf4 Re8 24. Qd1 {[%cal Rf4d5]} Nd6 (24... Qd6 $5 {[%cal Rg7g5]} 25. g3 Re4 $14) 25. Rxd5 Rxd5 26. Nxd5 Re5 27. Nf4 (27. Nb4 $16 Qc5 28. Rd2) 27... Ne4 $1 $11 28. Qd4 Qxc3 (28... Qc7 $11) 29. Qxa7 $16 {Hoping for Qb8+.} Qc7 {White should prevent ...g5.} 30. Rb2 (30. a5 $1 $14 Re7 31. Qb6) 30... Nc5 (30... Re7 $11) 31. a5 $36 {[%mdl 2048] Keeping Black busy.} Qd6 $2 {[%mdl 8192] [#]} (31... Kh7 $16) 32. Rb6 $2 (32. a6 $1 $18 {[%mdl 512] and the rest is easy.}) 32... Qe7 $2 {[%mdl 8192] [#]} (32... Qc7 $16 {is tougher.} 33. g3 (33. Qa8+ Kh7 $16) 33... Qc8) 33. a6 $1 $18 {[%cal Rb6b7][%mdl 512] Rxb7 is the strong threat.} bxa6 34. Rb8+ Kh7 35. Qa8 {[%csl Ga8][%cal Rb8h8]} g6 36. Rh8+ Kg7 37. Qg8+ Kf6 38. Rxh6 Qe8 {[#]} 39. Nd5+ $1 {[%mdl 512]} Kg5 {[#]} (39... Rxd5 40. Qxe8) 40. Rh5+ $1 {[%mdl 512] Precision: White = 50%, Black = 31%.} 1-0

[Event "EICC 2017"]
[Site "Minsk"]
[Date "2017.06.07"]
[Round "8"]
[White "Sjugirov, Sanan"]
[Black "Kveinys, Aloyzas"]
[Result "1-0"]
[WhiteElo "2654"]
[BlackElo "2526"]
[Annotator "TA"]
[PlyCount "163"]
[EventDate "2017.??.??"]
[EventCountry "BLR"]
[SourceTitle "playchess.com"]
[Source "ChessBase"]
[SourceQuality "1"]

{[%evp 32,163,33,20,39,37,38,46,66,34,47,0,0,0,0,0,36,62,47,38,41,39,41,27,38,41,78,80,141,102,116,29,26,12,15,18,14,14,2,0,0,-56,76,76,76,76,76,76,78,79,72,60,79,72,64,64,58,0,63,15,66,27,21,18,2,0,0,0,0,0,0,0,0,0,0,0,0,0,0,0,14,8,87,87,87,87,87,87,87,87,87,87,87,87,87,0,87,87,87,30,30,0,87,87,87,87,87,87,442,442,381,79,559,512,511,490,1586,1607,1592,1456,1239,1142,29961,29960,6516,5106,1036,737,29982,29983,29983,533,29990,29991]} 1. e4 e5 2. Nf3 Nc6 3. Bb5 {[%cal Bf1b5,Bb5a4,Ba4b3][%mdl 32]} a6 4. Ba4 Nf6 5. O-O Be7 6. Re1 b5 7. Bb3 d6 8. c3 O-O 9. h3 Nb8 10. d4 Nbd7 11. Nbd2 Bb7 12. Bc2 Re8 13. Nf1 Bf8 14. Ng3 g6 15. Bg5 h6 16. Bd2 Bg7 17. a4 {LiveBook: 76 Games} exd4 {C95: Closed Ruy Lopez: Breyer Variation with 10 d4} (17... Nb6 18. Qc1 Kh7 19. b3 bxa4 20. bxa4 a5 21. dxe5 dxe5 22. Bb3 Qe7 23. Be3 Nfd7 24. h4 Ba6 25. h5 {1-0 (59) Yu,Y (2738)-Piorun,K (2651) Caleta 2017}) 18. cxd4 c5 19. Qc1 Kh7 {White is slightly better.} 20. d5 Nb6 21. b3 $146 ({Predecessor:} 21. h4 Nc4 22. Bc3 b4 23. b3 bxc3 24. bxc4 Nd7 25. e5 Nxe5 26. Nxe5 Bxe5 {0-1 (37) Pauw,M (2040)-Singer,C (2369) Bad Wiessee 2010}) 21... b4 $1 22. a5 Nc8 $1 23. Bf4 Nd7 24. Ra2 $36 {[%mdl 2048] Black is under pressure.} Qc7 25. Nf1 {[%cal Bg3f1,Bf1e3,Be3c4][%mdl 32]} Na7 26. Ne3 Nb5 {And now ...Nc3 would win.} 27. Nc4 Rad8 28. Bd3 Nf6 {Black wants to play ...Nc3.} 29. Rae2 $1 Nh5 (29... Qb8 $142) 30. Bh2 $1 $16 Bc3 {[#]} 31. Rf1 (31. e5 $1 $16 {[%cal Re5d6] Threatens to win with exd6.} Bxe1 32. exd6 Bxf2+ 33. Rxf2 Nxd6 34. g4) 31... Qe7 32. g4 Nf6 33. Bg3 Nd7 34. Kh2 Kg7 35. Bf4 Rh8 $1 36. Rg1 (36. Bg3 $11) 36... Qf6 {[#]} (36... f6 $1 $15 {stays ahead.}) 37. Bxh6+ $1 {[%mdl 512]} Rxh6 {[#]} 38. Qxh6+ $1 {[%mdl 512]} Kxh6 39. g5+ Kg7 40. gxf6+ Nxf6 41. Nb6 Rh8 42. Re3 Nh5 43. Rg4 Nf6 44. Rg1 Nh5 $1 45. Bc4 Nf4 ({Black should try} 45... Nd4 $11) 46. h4 Nd4 47. Rg4 Nh5 48. Kh3 Nxf3 49. Rxf3 Nf6 50. Rxf6 Kxf6 51. f4 Ke7 52. f5 Rh6 53. Bd3 Be5 54. Kg2 Bf6 55. Kg3 Kd8 56. fxg6 Be5+ (56... fxg6 $11 {remains equal.} 57. Nc4 Ke7) 57. Kf3 fxg6 58. Nc4 Bh2 59. Rg2 Rxh4 60. Rxg6 Kc7 61. Rg7+ Kb8 62. Rg8+ Kc7 63. Rg7+ Kb8 64. Bf1 Rh6 65. Rg8+ ({Better is} 65. Nb6 $16) 65... Kc7 $1 $11 66. Rg7+ (66. Be2 $11) 66... Kb8 $16 67. Nb6 Rh8 68. Nd7+ Ka8 69. Bc4 Rh4 $2 {[%mdl 8192]} (69... Bc8 $16) 70. Rg8+ $18 Ka7 71. Nb8 $2 (71. Re8 $18 {and White stays clearly on top.} Rh3+ 72. Kg2) 71... Rh7 $2 {[%mdl 8192]} (71... Be5 $16 {is a better chance.}) 72. Nc6+ Bxc6 73. dxc6 {[%mdl 4096] Endgame KRB-KRB} Rc7 (73... d5 $142) 74. Bd5 Be5 75. Rd8 Bh2 76. Kg4 Be5 77. Kf5 Bh2 78. Ke6 Bg3 79. Rxd6 Bxd6 80. Kxd6 Kb8 81. e5 (81. Bc4 $142 Ra7 82. e5 Rg7 83. e6 Rh7 84. Bxa6 Rg7 85. e7 Rxe7 86. Kxe7) 81... Kc8 82. Be6+ {Precision: White = 66%, Black = 44%.} 1-0